Normal view
MARC view
Entry Personal Name
001 - CONTROL NUMBER
- control field: 64773
003 - CONTROL NUMBER IDENTIFIER
- control field: OSt
005 - DATE AND TIME OF LATEST TRANSACTION
- control field: 20160719161700.0
008 - FIXED-LENGTH DATA ELEMENTS
- fixed length control field: 160719|| aca||aabn | a|a d
040 ## - CATALOGING SOURCE
- Original cataloging agency: OSt
- Transcribing agency: OSt
100 ## - HEADING--PERSONAL NAME
- Personal name: चापेक, कारेल
670 ## - SOURCE DATA FOUND
- Source citation: Work cat.: (OSt): चापेक, कारेल , टिकट-संग्रह , 2014









